00945cam a2200217 a 450000100100000000500170001000800410002701000150006804000250008308200150010810000310012324501090015426000620026330000290032549000320035470000530038683000390043995201130047895201190059199900170071000001993320200929170209.0920928s1995 pr a 000 p spa  a9978838281 aDO-SdBNPbspacBNPHU axxxbR934c1 aKastillo, Williamns94250710aCapitulación sin testigos :bpoesía /cWilliamns Kastillo; prólogo José Enrique Ayoroa Santaliz. aSanturce, Puerto Rico :bSoluno, Editora Nacional,c1995. a[36] p. :bil. ;c22 cm.1 aLos cuadernos de Rimbaudv21 aAyoroa Santaliz, José Enriqueeprólogo98033 0aLos cuadernos de Rimbaudn3942508 001050718MOaGRbGRcHDd2010-07-09iLF1l0oxxx R934cp19933-10r2020-06-25w2020-06-25y1ZNo se presta 001150718MOaPDbPDcMId2011-06-30iLF1l0oxxx R934cp19933-20r2020-06-25te. 2w2020-06-25y1ZNo se presta c19446d19446